| 000 | 02459nam a2200385 a 4500 | ||
|---|---|---|---|
| 001 | 000015081 | ||
| 003 | DO-SdBNP | ||
| 005 | 20180215095430.0 | ||
| 007 | 000015081 | ||
| 008 | 100201d2002 dr acd 001 0 spa d | ||
| 040 |
_aBPMET _bspa _cBPMET |
||
| 041 | 1 | 7 |
_aspa _heng |
| 092 |
_a929.2 _bJ54t |
||
| 100 | 1 |
_aJennings, Odile Nouel, _d1932- |
|
| 240 | 1 | 4 | _aThe Jennings and Argo story |
| 245 | 1 | 0 |
_aTu origen americano : _bperipecias de una investigación genealógica, historia de los Jennings y los Argo / _cOdile Nouel Jennings ; traducción del inglés por Luis José Prieto Nouel ; prólogo Julio Genaro Campillo Pérez. |
| 250 | _a[1ª ed. dominicana]. | ||
| 260 |
_aSanto Domingo : _bInstituto Dominicano de Genealogía, _c2002. |
||
| 300 |
_a210 p. : _bil., retrs., gráfcs. ; _c22 cm. |
||
| 490 | 1 |
_aTraducciones _v2 |
|
| 500 | _aIncluye datos biográficos del traductor en la contracubierta. | ||
| 505 | 0 |
_gPrólogo / _rJulio Genaro Campillo Pérez -- _tBreve historia de Tennesse -- _tLos primeros diez años de Jim --Trezevant 1928-1938 -- _tLos años en Camben y Jackson - La Marina -- _tLa Escuela de Vanderbilt -- _tLas dos hermanas de Jim -- _tRichard Carl Jennings. El padre de Jim -- _tLos abuelos de Jim, William Robert y Bettie Jennings -- _tWilliam Jennings y Martha Nearn, abuelos de Jim -- _tHermanos de William Robert Jennings -- _tDickerson Jennings de Tennessee, 1797-1867 -- _tDickerson Jennings de Virginia, y Dickerson de Tennessee, continuación -- _tWilliam Jennings, hijo, de los estados de Virginia y Georgia. William Jennings, Sr de los Condados de Amelia y Nottoway, Virginia -- _tHumphrey Jennengs de Birmingham -- _tOrigen del nombre - Otros ancestros Jennings -- _tLos Argos: Lilliam, la madre de Jim -- _tLos padres de Lilliam: William Joseph y Frances Elizabeth Argo -- _tLos padres de William Joseph, Cullen y Jane Argo -- _tLos dos hermanos de Carolina del norte: Thomas y John Argo -- _tNuestros ancestros Argos y origen del nombre -- _gEpílogo. |
|
| 600 | 3 | 4 |
_aJENNINGS (FAMILIA) _xGENEALOGÍA |
| 600 | 3 | 4 |
_aARGO (FAMILIA) _xGENEALOGÍA |
| 650 | 4 | _aPARENTESCO | |
| 651 | 4 |
_aREPÚBLICA DOMINICANA _xGENEALOGÍA |
|
| 651 | 4 |
_aESTADOS UNIDOS _xGENEALOGÍA |
|
| 700 | 1 |
_aPrieto Nouel, Luis José, _d1949-, _etr. |
|
| 700 | 1 |
_aCampillo Pérez, Julio Genaro, _epról. |
|
| 830 | 0 |
_aTraducciones _v2 |
|
| 910 | _a | ||
| 942 |
_2ddc _cBK |
||
| 945 | _ainventariado, 2018 / dg | ||
| 956 |
_aVMATEO _b10 _c20150428 _lBPMSU _h0069 |
||
| 999 |
_c7744 _d7744 |
||